000 00597nam a2200241Ia 4500
003 OSt
005 20221005133505.0
006 a|||||r|||| 00| 0
007 ta
008 221004b |||||||| |||| 00| 0 kan d
024 _a60168
037 _cTextual
040 _aCRL
_cCRL
_bkan
041 _2kan
_akan
082 _aO33,1F80J,1, H9
100 _aJanna Au.
_9642496
245 0 _aYashodhara charite
260 _c1949
650 _a KANNAD POETRY
650 _aKANNAD LITERATURE
942 _hO33,1F80J,1, H9
_cTEXL
_2cc
999 _c1066977
_d1066977